DRC Capitals by Border - Statistics

General Stats
  • This quiz has been taken 10 times
  • The average score is 7 of 10
Answers on the Map
Answers color-coded by a green-red scale on the quiz's map according to % correct below.
 
Answer Stats
Answer % Correct
Brazzaville
100%
Bangui
80%
Juba
80%
Kampala
80%
Kigali
80%
Luanda
80%
Lusaka
80%
Kinshasa
60%
Dodoma
40%
Gitega
20%
No matching quizzes found
Score Distribution
Percent of People with Each Score
Percentile by Number Answered
Your Score History
You have not taken this quiz